Noticia bibliográfica de textos y disposiciones legales de los reinos de Castilla impresos en los siglos XVI y XVII / (Record no. 54679)

MARC details
000 -LEADER
campo de control de longitud fija 01063nam a2200265 i 4500
001 - NÚMERO DE CONTROL
campo de control 54679
003 - IDENTIFICADOR DE NÚMERO DE CONTROL
campo de control ES-MaACL
005 - FECHA Y HORA DE LA ÚLTIMA TRANSACCIÓN
campo de control 20230906163011.0
007 - CAMPO FIJO DE DESCRIPCIÓN FÍSICA--INFORMACIÓN GENERAL
campo de control de longitud fija t|
008 - DATOS DE LONGITUD FIJA--INFORMACIÓN GENERAL
campo de control de longitud fija 040112r20011935sp ||||0| spa d
020 ## - NÚMERO INTERNACIONAL ESTÁNDAR DEL LIBRO
Número Internacional Estándar del Libro 84-9718-021-6
040 ## - FUENTE DE CATALOGACIÓN
Centro catalogador/agencia de origen M-BN
Lengua de catalogación spa
Centro/agencia transcriptor M-BN
080 ## - NÚMERO DE LA CLASIFICACIÓN DECIMAL UNIVERSAL
Número de la Clasificación Decimal Universal 016:34(460.18)(04)(093)
100 1# - ENTRADA PRINCIPAL--NOMBRE DE PERSONA
Nombre de persona Gil Ayuso, Faustino.
9 (RLIN) 56767
245 10 - MENCIÓN DEL TÍTULO
Título Noticia bibliográfica de textos y disposiciones legales de los reinos de Castilla impresos en los siglos XVI y XVII /
Mención de responsabilidad, etc. Faustino Gil Ayuso ; prefacio, Benjamín González Alonso.
260 ## - PUBLICACIÓN, DISTRIBUCIÓN, ETC.
Lugar de publicación, distribución, etc. [Valladolid] :
Nombre del editor, distribuidor, etc. Consejería de Educación y Cultura,
Fecha de publicación, distribución, etc. 2001.
300 ## - DESCRIPCIÓN FÍSICA
Extensión 15, X, 465 p ;
Dimensiones 28 cm.
490 1# - MENCIÓN DE SERIE
Mención de serie La imprenta, libros y libreros ;
Designación de volumen o secuencia 9
534 ## - NOTA SOBRE LA VERSIÓN ORIGINAL
Frase introductoria Reprod. de la ed. de:
Publicación, distribución, etc. del original -- Madrid : Patronato de la Biblioteca Nacional, 1935.
650 14 - PUNTO DE ACCESO ADICIONAL DE MATERIA--TÉRMINO DE MATERIA
Término de materia o nombre geográfico como elemento de entrada Derecho-
Subdivisión geográfica Castilla (Reino)-
Subdivisión de forma Fuentes-
-- Bibliografías.
9 (RLIN) 11605
700 1# - ENTRADA AGREGADA--NOMBRE PERSONAL
Nombre de persona González Alonso, Benjamín.
9 (RLIN) 58410
830 0# - PUNTO DE ACCESO ADICIONAL DE SERIE-TÍTULO UNIFORME
Título uniforme La imprenta, libros y libreros ;
Designación de volumen o secuencia 9
9 (RLIN) 179868
852 ## - LOCALIZACIÓN
Ubicación ES-MaACL
Número de control de estantería L-26751
Sublocalización o colección R.132410
Holdings
Estatus retirado Estado de pérdida Fuente del sistema de clasificación o colocación Estado de daño No para préstamo Colección Biblioteca de origen Biblioteca actual Ubicación en estantería Fecha de adquisición Total de préstamos Signatura topográfica completa Código de barras Visto por última vez Precio de reemplazo Tipo de ítem Koha
    Clasificación decimal universal     Biblioteca profesional Biblioteca del Ateneo de Madrid Biblioteca del Ateneo de Madrid Depósito 2 17/01/2008   L-26751 1057455 23/02/2023 23/02/2023 Libro impreso